| 000 | 01378cam a22003497a 4500 | ||
|---|---|---|---|
| 001 | 16131822 | ||
| 003 | OSt | ||
| 005 | 20151119122342.0 | ||
| 008 | 100312s2011 maua 000 0 eng d | ||
| 010 | _a 2010924605 | ||
| 020 | _a0135124646 (pbk.) | ||
| 020 | _a9780135124642 (pbk.) | ||
| 035 | _a(OCoLC)ocn640095700 | ||
| 040 |
_aYDXCP _cYDXCP _dS9I _dDLC |
||
| 042 | _alccopycat | ||
| 050 | 0 | 0 |
_aNK2114 _b.K57 2011 |
| 100 | 1 | _aKirkpatrick, Beverly L. | |
| 245 | 1 | 0 |
_aAutoCAD 2011 for interior design and space planning / _cBeverly L. Kirkpatrick, James M. Kirkpatrick. |
| 260 |
_aBoston : _bPrentice Hall, _cc2011. |
||
| 300 |
_axvii, 654 p. : _bill. ; _c28 cm. |
||
| 500 | _a"With cover art and opening art from Pei Cobb Freed & Partners, LLP." | ||
| 500 | _a"Autodesk Education Press"--Cover. | ||
| 630 | 0 | 0 | _aAutoCAD. |
| 650 | 0 |
_aInterior decoration _xComputer-aided design. |
|
| 650 | 0 |
_aInterior architecture _xComputer-aided design. |
|
| 650 | 0 |
_aSpace (Architecture) _xComputer-aided design. |
|
| 700 | 1 | _aKirkpatrick, James M. | |
| 710 | 2 | _aPei Cobb Freed & Partners. | |
| 906 |
_a7 _bcbc _ccopycat _d3 _eepcn _f20 _gy-gencatlg |
||
| 942 |
_2lcc _cBK |
||
| 999 |
_c251417 _d251417 |
||